000 00969nam a2200265 4500
003 OSt
005 20260530113908.0
008 260504b2003 wb a|||| |||| 00| 0 eng d
020 _a3936761078
040 _aICI
_bspa
_cICI
041 _aspa
050 1 4 _aNA7882
_bL647
245 1 0 _aLofts :
_bLiving, working and shopping in a loft = Vivir, trabajar y comprar en un loft /
_ctranslation Mary Cecelia Black, Paola Consolaro y Maurizio Siliato ; editing Lola Gómez y Susana González Torras
264 1 _bFeierabeng,
_c2003
_aBerlin :
300 _a851 páginas :
_bilustraciones
336 _atexto
_2rdacontent
337 _asin medio
_2rdamedia
338 _avolumen
_2rdacarrier
700 _aBlack, Mary Cecelia,
_etraductor
_933034
700 _aConsolaro, Paola,
_etraductora
_933035
700 _aSiliato, Maurizio,
_etraductor
_929217
700 _aGómez, Lola,
_eeditora
_933036
700 _aGonzález Torras, Susana,
_eeditora
_933037
942 _2lcc
_cBK
_n1
999 _c12030
_d12030